[Event "Challenge"]
[Site "http://www.queenalice.com/game.php?id=122194"]
[Date "2006.10.27"]
[Round "-"]
[White "shiguer"]
[Black "sorriso"]
[Result "1-0"]
[WhiteElo "1660"]
[BlackElo "1458"]

1. e3 e5 2. c3 b6 3. Nf3 Nc6 4. h4 Na5 5. Nxe5 d6 6. Qf3 dxe5 7. Qxa8 Nc4 8.
Bxc4 Nf6 9. h5 Ng4 10. Qf3 Nf6 11. g4 Bxg4 12. Qb7 Bc8 13. Qxa7 Be6 14. Bb5+ Bd7
15. a4 c6 16. h6 cxb5 17. axb5 gxh6 18. Qb7 Bd6 19. Ra8 Bc8 20. Rxc8 Bc7 21.
Rxd8+ Bxd8 22. Rh4 h5 23. Ra4 1-0

[Event "AUTO-INT-225"]
[Site "http://www.queenalice.com/game.php?id=122451"]
[Date "2006.10.27"]
[Round "1"]
[White "ricvila"]
[Black "sorriso"]
[Result "1-0"]
[WhiteElo "1221"]
[BlackElo "1393"]

1. e4 c6 2. Nf3 g6 3. Nc3 Nh6 4. d4 Na6 5. Bxa6 bxa6 6. O-O Bg7 7. Re1 d6 8. Be3
O-O 9. Qd2 a5 10. Bxh6 Bxh6 11. Qxh6 f6 12. Qd2 e5 13. dxe5 fxe5 14. Qd3 1-0

[Event "AUTO-INT-225"]
[Site "http://www.queenalice.com/game.php?id=122452"]
[Date "2006.10.27"]
[Round "1"]
[White "sorriso"]
[Black "ricvila"]
[Result "0-1"]
[WhiteElo "1345"]
[BlackElo "1244"]

1. e4 e6 2. b3 d5 3. exd5 exd5 4. Nf3 Be6 5. Nc3 Nc6 6. Bb5 Ne7 7. O-O g6 8. a3
Qd7 9. Ne5 Qd6 10. Nxc6 Nxc6 11. d3 Bg7 12. Bb2 a6 0-1

[Event "AUTO-INT-225"]
[Site "http://www.queenalice.com/game.php?id=122469"]
[Date "2006.10.27"]
[Round "1"]
[White "sorriso"]
[Black "marcos_excel"]
[Result "0-1"]
[WhiteElo "1436"]
[BlackElo "1596"]

1. e4 e5 2. b4 Bxb4 3. Nf3 Nc6 4. Bc4 h6 5. O-O Nf6 6. d3 a6 7. Bb2 b5 8. Bb3
Na5 9. c3 Nxb3 10. axb3 Bd6 11. b4 O-O 0-1

[Event "AUTO-INT-225"]
[Site "http://www.queenalice.com/game.php?id=122470"]
[Date "2006.10.27"]
[Round "1"]
[White "marcos_excel"]
[Black "sorriso"]
[Result "1-0"]
[WhiteElo "1606"]
[BlackElo "1412"]

1. e4 c6 2. Nf3 g6 3. Bc4 Nf6 4. Ne5 d5 5. exd5 cxd5 6. Bb3 Nc6 7. Nxc6 bxc6 8.
d4 e6 9. Qf3 Be7 10. O-O Ba6 11. Re1 h5 12. h3 1-0

[Event "Vamos jogar?"]
[Site "http://www.queenalice.com/game.php?id=203344"]
[Date "2007.4.27"]
[Round "-"]
[White "sorriso"]
[Black "smartfox"]
[Result "0-1"]
[WhiteElo "1308"]
[BlackElo "1729"]

1. e4 e5 2. Nh3 Nf6 3. d3 Bc5 4. Qd2 d5 5. f3 O-O 6. b3 Nc6 7. exd5 Qxd5 8. Nc3
Qd4 9. g3 Bf5 10. Qe2 Qxc3+ 11. Kd1 Qxa1 12. g4 Nd5 13. gxf5 Nc3+ 14. Kd2 Nxe2
15. Bxe2 Bb4+ 16. c3 Qxa2+ 17. Kd1 Bxc3 18. Rf1 Qxb3# 0-1

[Event "Vamos duas ao mesmo tempo?"]
[Site "http://www.queenalice.com/game.php?id=203345"]
[Date "2007.4.27"]
[Round "-"]
[White "sorriso"]
[Black "smartfox"]
[Result "0-1"]
[WhiteElo "1308"]
[BlackElo "1731"]

1. Nh3 e5 2. e4 Nf6 3. d3 d5 4. f3 Nc6 5. c3 Bc5 6. b3 O-O 7. exd5 Nxd5 8. Bd2
Ne3 9. Qe2 Nc2+ 10. Kd1 Nxa1 11. b4 Bb6 12. d4 Re8 13. dxe5 Nxe5 14. Qe4 Ng4 15.
Qd4 Bxd4 16. cxd4 Ne3+ 17. Ke1 Nac2+ 18. Kf2 Nd1+ 19. Kg3 Qd6+ 20. Bf4 Qxd4 21.
Bxc7 Re6 22. Ng5 Rh6 23. f4 Qxb4 24. Nf3 Rg6+ 25. Kh4 Qxf4+ 26. Kh5 Qxc7 27. Bd3
Nf2 28. Be2 Qc5+ 29. Kh4 Rg4# 0-1

[Event "Vamos mais uma então!!!"]
[Site "http://www.queenalice.com/game.php?id=249559"]
[Date "2007.8.2"]
[Round "-"]
[White "sorriso"]
[Black "smartfox"]
[Result "0-1"]
[WhiteElo "1297"]
[BlackElo "1715"]

1. e4 e5 2. d3 Nf6 3. Nf3 Nc6 4. Nc3 Bb4 5. Ng5 d5 6. exd5 Nxd5 7. Be2 Nxc3 8.
bxc3 Bc5 9. Ne4 b6 10. O-O O-O 11. Nxc5 bxc5 12. d4 exd4 13. cxd4 cxd4 14. Bd3
Ne5 15. Be4 Rb8 16. c3 Bb7 17. Bc2 Qd5 18. Bf4 Qxg2# 0-1